000
00287nam a22001337a 4500
008
181214b xxu||||| |||| 00| 0 eng d
020
_a
9780495127642
041
_a
eng
080
_a
159.9
100
_a
47
101
_a
PSI
245
_a
cLTURAL dIVERSITY
_c
Jerry.V
942
_2
udc
_c
BK
999
_c
53131
_d
53131